00948cam a22002411a 450000100060000000300080000600500170001400800410003103500190007204000270009104100080011808200250012624500890015126000370024030000270027750000200030465000320032470000310035694200120038799900170039995201440041695201460056010517BD-RjUL20211208234952.0140123s1951 nyu 001 0 eng d a(BD-RjUL)10565 aNUNbengcNUNdBD-RjUL aeng04a539.76220bTOX 195100aToxicology of uranium :bsurvey and collected papers /cedited by Albert Tannenbaum. aNew York :bMcGraw-Hill,cc1951. axxvi, 333 p. ;c24 cm. aIncludes index. 0aUraniumxToxicology.9324901 aTannenbaum, Albert.932491 2ddccBK c10517d10517 00102ddc40708NFICaRUCLbRUCLcStackd1959-01-03eMacgraw hill bookg4.28l0o539.76 TOX 1951r2014-01-23 00:00:00tC-2w2014-01-23yBK 00102ddc40718NFICaRUCLbRUCLcReadingd1957-10-14ePublisher unitedg26.20l0o539.76 TOX 1951r2017-05-14 00:00:00tC-1w2017-05-14yBK